| 000 | 00416ntaaa2200169 4500 | ||
|---|---|---|---|
| 003 | 01 | ||
| 005 | 20251027201849.0 | ||
| 008 | 0714s1973 ag 01 | ||
| 040 |
_aAR-BaBN _bspa _cAR-BaBN _eaacr _dRIC |
||
| 082 | _a248.2000 So8 | ||
| 100 | _aSouthard, Samuel | ||
| 245 | _aConversion and the christian character | ||
| 250 | _a1 ed. | ||
| 260 |
_aNashville : _bBroadman Press, _cc1965 |
||
| 300 | _a127 p | ||
| 942 | _cBK | ||
| 999 |
_c13340 _d13340 |
||